000
00323 a2200157 4500
001
58630
020
_a
040
_c
Anchieta - Pituba
100
_a
Lessa, Elsie
240
1
0
_a
Ponte Rio-Londres
_l
por
245
1
0
_a
Ponte Rio-Londres
300
_a
171
362
0
_a
1984
650
4
_a
Crônica brasileira
942
_c
BK
999
_c
58630
_d
58630